<?xml version="1.0" encoding="UTF-8"?>
<record
    xmlns:xsi="http://www.w3.org/2001/XMLSchema-instance"
    xsi:schemaLocation="http://www.loc.gov/MARC21/slim http://www.loc.gov/standards/marcxml/schema/MARC21slim.xsd"
    xmlns="http://www.loc.gov/MARC21/slim">

  <leader>00677nam a2200169   4500</leader>
  <controlfield tag="005">20150521154226.0</controlfield>
  <controlfield tag="007">000</controlfield>
  <controlfield tag="008">000</controlfield>
  <datafield tag="020" ind1=" " ind2=" ">
    <subfield code="a">0889364397</subfield>
  </datafield>
  <datafield tag="040" ind1=" " ind2=" ">
    <subfield code="a">UOEL</subfield>
  </datafield>
  <datafield tag="050" ind1=" " ind2=" ">
    <subfield code="a">SB199</subfield>
    <subfield code="b">.P34 1985</subfield>
  </datafield>
  <datafield tag="245" ind1=" " ind2=" ">
    <subfield code="a">Pasture Improvement Research in Eastern and Southern Africa:</subfield>
    <subfield code="b">Proceedings of a Worshop held in Zimbabwe, 17-21 September 1984</subfield>
    <subfield code="c">edited by Jackson A. Kategile,Cosponsored by the Southern African Development Coordination Committeee, Gabone, Botswana, and the International Research Centre, Ottawa, Canada </subfield>
  </datafield>
  <datafield tag="260" ind1=" " ind2=" ">
    <subfield code="a">Ottawa, Canada.:</subfield>
    <subfield code="b">International Development Research Centre</subfield>
    <subfield code="c">c 1985.</subfield>
  </datafield>
  <datafield tag="300" ind1=" " ind2=" ">
    <subfield code="a">508p.:</subfield>
    <subfield code="b">Ill.;</subfield>
  </datafield>
  <datafield tag="650" ind1=" " ind2=" ">
    <subfield code="a">Pasture</subfield>
  </datafield>
  <datafield tag="942" ind1=" " ind2=" ">
    <subfield code="2">lcc</subfield>
    <subfield code="c">LL</subfield>
  </datafield>
  <datafield tag="999" ind1=" " ind2=" ">
    <subfield code="c">8251</subfield>
    <subfield code="d">8251</subfield>
  </datafield>
  <datafield tag="952" ind1=" " ind2=" ">
    <subfield code="0">0</subfield>
    <subfield code="1">0</subfield>
    <subfield code="2">lcc</subfield>
    <subfield code="4">0</subfield>
    <subfield code="7">0</subfield>
    <subfield code="a">UOE</subfield>
    <subfield code="b">UOE</subfield>
    <subfield code="c">GEN</subfield>
    <subfield code="d">2015-05-21</subfield>
    <subfield code="l">0</subfield>
    <subfield code="o">sb199 .p34 1985</subfield>
    <subfield code="p">20145881</subfield>
    <subfield code="r">2026-04-27 12:06:04</subfield>
    <subfield code="t">20145881</subfield>
    <subfield code="w">2015-05-21</subfield>
    <subfield code="y">LL</subfield>
  </datafield>
</record>
